[Event "IND-ch U20 Girls"]
[Site "Chennai"]
[Date "2009.09.22"]
[Round "4"]
[White "Aruthi, M."]
[Black "Harini, S."]
[Result "0-1"]
[WhiteElo "1786"]
[BlackElo "2109"]
[PlyCount "100"]
[EventDate "2009.09.20"]
[EventType "swiss"]
[EventRounds "11"]
[EventCountry "IND"]
[SourceTitle "CBM 132 Extra"]
[Source "ChessBase"]
[SourceDate "2009.11.03"]
[SourceVersion "1"]
[SourceVersionDate "2009.11.03"]
[SourceQuality "1"]

1. e4 c5 2. Nf3 d6 3. d4 cxd4 4. Nxd4 Nf6 5. Nc3 e6 6. f3 Be7 7. Bc4 a6 8. Bb3 Nc6 9. Be3 Qc7 10. Qd2 Na5 11. 0-0 0-0 12. Qf2 Nc4 13. Bxc4 Qxc4 14. Nb3 Nd7 15. Rfd1 b5 16. a3 Qc7 17. Bd4 Bb7 18. Qg3 e5 19. Be3 Kh8 20. Qf2 Rac8 21. Rac1 f5 22. exf5 Rxf5 23. Nd5 Bxd5 24. Rxd5 Nf6 25. Rdd1 Ng4 26. Qd2 Nxe3 27. Qxe3 Bg5 28. Qd3 Rf6 29. Nd2 d5 30. c3 Rh6 31. h3 Qb6+ 32. Kh1 Rd8 33. Rc2 e4 34. fxe4 dxe4 35. Qxe4 Re6 36. Qf3 Qd6 37. Qg4 h6 38. Qf3 Qd3 39. Qxd3 Rxd3 40. Kg1 Red6 41. c4 bxc4 42. Rxc4 Rxd2 43. Rxd2 Rxd2 44. b3 Be3+ 45. Kh2 Rd3 46. Rc8+ Kh7 47. Rc6 a5 48. Ra6 Bf4+ 49. Kg1 Bg3 50. Kf1 Re3 0-1